MARC details
| 000 -CABECERA |
| campo de control de longitud fija |
02155cam a2200385 i 4500 |
| 001 - NÚMERO DE CONTROL |
| campo de control |
a47077130 |
| 003 - IDENTIFICADOR DEL NÚMERO DE CONTROL |
| campo de control |
SIRSI |
| 005 - FECHA Y HORA DE LA ÚLTIMA TRANSACCIÓN |
| campo de control |
20251024134335.0 |
| 008 - DATOS DE LONGITUD FIJA--INFORMACIÓN GENERAL |
| campo de control de longitud fija |
240429t20242023enk 000 0aeng d |
| 020 ## - NÚMERO INTERNACIONAL ESTÁNDAR DEL LIBRO |
| Número Internacional Estándar del Libro |
9781804992227 |
| Información calificativa |
paperback |
| 035 ## - NÚMERO DE CONTROL DEL SISTEMA |
| Número de control de sistema |
(OCoLC)1432136390 |
| 040 ## - FUENTE DE LA CATALOGACIÓN |
| Centro catalogador/agencia de origen |
SINLB |
| Lengua de catalogación |
eng |
| Normas de descripción |
rda |
| Centro/agencia transcriptor |
SINLB |
| Centro/agencia modificador |
OCLCO |
| -- |
UKYRK |
| -- |
YDX |
| -- |
UtOrBLW |
| 041 ## - CÓDIGO DE LENGUA |
| Código de lengua del texto/banda sonora o título independiente |
English |
| 043 ## - CÓDIGO DE ÁREA GEOGRÁFICA |
| Código de área geográfica |
a-ja--- |
| 049 ## - FONDOS LOCALES (OCLC) |
| Fondos de biblioteca |
UPMM |
| 050 #4 - SIGNATURA TOPOGRÁFICA DE LA BIBLIOTECA DEL CONGRESO |
| Número de clasificación |
DS891.5.B76 |
| Número de documento/Ítem |
A3 2024 |
| 100 ## - ENTRADA PRINCIPAL--NOMBRE DE PERSONA |
| Nombre de persona |
Broad, Chris |
| Títulos y otros términos asociados al nombre |
(YouTuber), |
| Término indicativo de función/relación |
author. |
| Número de control del registro de autoridad o número normalizado |
http://id.loc.gov/authorities/names/no2023074063 |
| Código de función |
http://id.loc.gov/vocabulary/relators/aut |
| 245 10 - MENCIÓN DE TÍTULO |
| Título |
Abroad in Japan |
| Resto del título |
: ten years in the land of the rising sun |
| Mención de responsabilidad, etc. |
/ Chris Broad. |
| 246 3# - FORMA VARIANTE DE TÍTULO |
| Título propio/Titulo breve |
10 years in the land of the rising sun |
| 250 ## - MENCIÓN DE EDICIÓN |
| Mención de edición |
Penguin paperback edition. |
| 264 #1 - PRODUCCIÓN, PUBLICACIÓN, DISTRIBUCIÓN, FABRICACIÓN Y COPYRIGHT |
| Producción, publicación, distribución, fabricación y copyright |
London : |
| Nombre del de productor, editor, distribuidor, fabricante |
Penguin Books, |
| Fecha de producción, publicación, distribución, fabricación o copyright |
2024. |
| 264 #4 - PRODUCCIÓN, PUBLICACIÓN, DISTRIBUCIÓN, FABRICACIÓN Y COPYRIGHT |
| Fecha de producción, publicación, distribución, fabricación o copyright |
©2023 |
| 300 ## - DESCRIPCIÓN FÍSICA |
| Extensión |
xii, 303 pages ; |
| Dimensiones |
20 cm |
| 500 ## - NOTA GENERAL |
| Nota general |
"First published in Great Britain in 2023 in Bantam."--Title page verso. |
| 520 ## - SUMARIO, ETC. |
| Sumario, etc. |
"When Englishman Chris Broad landed in a rural village in northern Japan he wondered if he'd made a huge mistake. With no knowledge of the language and zero teaching experience, was he was about to be the most quickly fired English teacher in Japan's history? Abroad in Japan charts a decade of living in a foreign land and the chaos and culture clash that comes with it. Packed with hilarious and fascinating stories, this book seeks out to unravel one the world's most complex cultures."--Back cover. |
| 600 #0 - PUNTO DE ACCESO ADICIONAL DE MATERIA--NOMBRE DE PERSONA |
| Nombre de persona |
Broad, Chris |
| Títulos y otros términos asociados al nombre |
(YouTuber) |
| Subdivisión general |
Homes and haunts |
| Subdivisión geográfica |
Japan. |
| 650 #0 - PUNTO DE ACCESO ADICIONAL DE MATERIA--TÉRMINO DE MATERIA |
| Término de materia o nombre geográfico como elemento de entrada |
Travelers |
| Subdivisión de forma |
Biography. |
| Número de control del registro de autoridad o número normalizado |
http://id.loc.gov/authorities/subjects/sh2010117014 |
| 650 #0 - PUNTO DE ACCESO ADICIONAL DE MATERIA--TÉRMINO DE MATERIA |
| Término de materia o nombre geográfico como elemento de entrada |
Etiquette |
| Subdivisión geográfica |
Japan. |
| Número de control del registro de autoridad o número normalizado |
http://id.loc.gov/authorities/subjects/sh2008119917 |
| 650 #0 - PUNTO DE ACCESO ADICIONAL DE MATERIA--TÉRMINO DE MATERIA |
| Término de materia o nombre geográfico como elemento de entrada |
History |
| 9 (RLIN) |
1632 |
| 651 #0 - PUNTO DE ACCESO ADICIONAL DE MATERIA--NOMBRE GEOGRÁFICO |
| Nombre geográfico |
Japan |
| Subdivisión general |
Description and travel |
| Número de control del registro de autoridad o número normalizado |
http://id.loc.gov/authorities/subjects/sh85069398 |
| 9 (RLIN) |
22298 |
| 651 #0 - PUNTO DE ACCESO ADICIONAL DE MATERIA--NOMBRE GEOGRÁFICO |
| Nombre geográfico |
Japan |
| Subdivisión general |
Social life and customs. |
| Número de control del registro de autoridad o número normalizado |
http://id.loc.gov/authorities/subjects/sh85069579 |
| 655 #0 - TÉRMINO DE INDIZACIÓN--GÉNERO/FORMA |
| Datos o término principal de género/forma |
Autobiographies (literary genre) |
| Fuente del término |
aat |
| Número de control del registro de autoridad o número normalizado |
(CStmoGRI)aatgf300080104 |
| 9 (RLIN) |
25781 |
| 655 #0 - TÉRMINO DE INDIZACIÓN--GÉNERO/FORMA |
| Datos o término principal de género/forma |
Travel writing |
| Número de control del registro de autoridad o número normalizado |
http://id.loc.gov/authorities/genreForms/gf2014026200 |
| 9 (RLIN) |
25782 |
| 942 ## - ELEMENTOS DE ENTRADA AGREGADA (KOHA) |
| Fuente del sistema de clasificación o colocación |
Clasificación de Library of Congress |